| 000 | 00519nam a22001817a 4500 | ||
|---|---|---|---|
| 003 | OSt | ||
| 005 | 20140310182458.0 | ||
| 008 | 130806t xxu||||| |||| 00| 0 eng d | ||
| 020 | _a9780853697664 | ||
| 050 |
_aRS 122.5 _b.L471 2010 |
||
| 245 |
_aLecture notes in pharmacy practice / _cedited by; Lilian M. Azzopardi |
||
| 260 |
_aLondon : _bPharmaceutical Press, _cc2010. |
||
| 300 |
_a448 p. _bill. ; _c25 cm. |
||
| 541 | _j1 | ||
| 562 | _e1 | ||
| 650 |
_aPharmaceutical Practices _98486 |
||
| 942 |
_2lcc _cSSLC |
||
| 999 |
_c13763 _d13763 |
||